| 000 | 00983nam a22002897a 4500 | ||
|---|---|---|---|
| 001 | BS2023000005 | ||
| 003 | BR-BrBNA | ||
| 005 | 20230322101820.0 | ||
| 008 | 230308b2013 |||||||| |||| 00| 0 por d | ||
| 020 | _a978-85-423-0007-9 | ||
| 040 |
_aBR-BrBNA _bpor |
||
| 041 | _apor | ||
| 072 | _aB51 | ||
| 100 |
_4org. _aStarling, Heloisa Maria Murgel |
||
| 100 |
_4org. _aBorges, Augusto Carvalho |
||
| 245 |
_aImaginação da terra : _bMemória e utopia no cinema brasileiro / _cHeloisa Maria Murgel Starling; Augusto Carvalho Borges. |
||
| 260 |
_aBelo Horizonte: _bEditora UFMG, _c2013 |
||
| 300 | _a248p. | ||
| 500 | _aTextos apresentados no Seminário " Imaginação da terra: memória e utopia na canção popular e no cinema brasileiro" realizado em Belo horizonte 2008. | ||
| 650 | _aCINEMA BRASILEIRO | ||
| 650 | _aHISTÓRIA | ||
| 650 | _aCONGRESSOS | ||
| 650 | _aMEMÓRIA | ||
| 909 |
_a202303 _bMARIA _c62 _dMaria Neves |
||
| 942 | _cBK | ||
| 999 |
_c553 _d553 |
||